ENTROPY AND INFORMATION THEORY (Record no. 216612)

MARC details
000 -LEADER
fixed length control field 00484nam a22001817a 4500
008 - FIXED-LENGTH DATA ELEMENTS--GENERAL INFORMATION
fixed length control field 260224b |||||||| |||| 00| 0 eng d
020 ## - INTERNATIONAL STANDARD BOOK NUMBER
International Standard Book Number 978-1-4899-8132-5
050 ## - LIBRARY OF CONGRESS CALL NUMBER
Classification number QA 268 .G73 2011
Item number 1
100 ## - MAIN ENTRY--PERSONAL NAME
Personal name GRAY ,M .ROBERT
245 ## - TITLE STATEMENT
Title ENTROPY AND INFORMATION THEORY
250 ## - EDITION STATEMENT
Edition statement 2ND EDITION
260 ## - PUBLICATION, DISTRIBUTION, ETC.
Place of publication, distribution, etc. NEW YORK
Name of publisher, distributor, etc. SPRINGER SCIENCE
Date of publication, distribution, etc. 2011
300 ## - PHYSICAL DESCRIPTION
Extent INCLUDES REFERENCES INDEX
500 ## - GENERAL NOTE
General note XXVII,409P
650 ## - SUBJECT ADDED ENTRY
Topical term or geographic name entry element ENTROPY
942 ## - ADDED ENTRY ELEMENTS (KOHA)
Source of classification or shelving scheme Library of Congress Classification
Koha item type Long Loan Book
Holdings
Withdrawn status Lost status Source of classification or shelving scheme Damaged status Not for loan Collection Home library Current library Shelving location Date acquired Inventory number Total checkouts Full call number Barcode Date last seen Copy number Price effective from Koha item type
    Library of Congress Classification     Science & Technology Kisii University Library Kisii University Library On Display 02/24/2026 111497   QA 268 .G73 2011 A001609 02/24/2026 1 02/24/2026 Long Loan Book
    Library of Congress Classification     Science & Technology Kisii University Library Kisii University Library On Display 02/24/2026 111498   QA 268 .G73 2011 A001610 02/24/2026 2 02/24/2026 Long Loan Book
    Library of Congress Classification     Science & Technology Kisii University Library Kisii University Library On Display 02/24/2026 111499   QA 268 .G73 2011 A001611 02/24/2026 3 02/24/2026 Long Loan Book
    Library of Congress Classification     Science & Technology Kisii University Library Kisii University Library On Display 02/24/2026 111500   QA 268 .G73 2011 A001612 02/24/2026 4 02/24/2026 Long Loan Book